00379 2200145 4500001002100000005001500021035002000036245006800056100002600124300001200150260002500162082000800187084001400195990002400209INLIS00000000000226420250527025208 a0010-05250005561 aMembantu Pemulihan Pecandu Narkoba /cdr. Lydia Harlina Martono0 aLydia Harlina Martono a158 hlm bBalai Pustaka,c2008 a300 a300 LY m a0713181 s/d 0713182